Southville International School and Colleges
Your cart is empty.
  • Cart
  • Lists
    Public lists Eva Luna New books Lux_list list_1
    Your lists Log in to create your own lists
  • Log in to your account
  • Your cookies
  • Search history
Southville International School and Colleges
  • Advanced search
  • Recent comments
  • Most popular
  • Libraries

Log in to your account

Log in with GOOGLE


If you do not have an external account, but do have a local account, you can still log in:

  1. Home
  2. MARC view: Longman student atlas /
Normal view MARC view ISBD view

Longman student atlas / (Record no. 21499)

[ view plain ]
MARC details
000 -LEADER
fixed length control field 00453nam a2200169 a 4500
005 - DATE AND TIME OF LATEST TRANSACTION
control field 20140310183329.0
008 - FIXED-LENGTH DATA ELEMENTS--GENERAL INFORMATION
fixed length control field 060815s19uu xx 00 eng d
020 ## - INTERNATIONAL STANDARD BOOK NUMBER
International Standard Book Number 0582854415
050 ## - LIBRARY OF CONGRESS CALL NUMBER
Classification number G 1021
Item number .P564 [ca.2000]
100 ## - MAIN ENTRY--PERSONAL NAME
Personal name Phillipson, Olly
245 ## - TITLE STATEMENT
Title Longman student atlas /
Statement of responsibility, etc Olly Phillipson.
260 ## - PUBLICATION, DISTRIBUTION, ETC. (IMPRINT)
Place of publication, distribution, etc U.S.A :
Name of publisher, distributor, etc Dorling Kindersly,
Date of publication, distribution, etc [ca.2000]
300 ## - PHYSICAL DESCRIPTION
Extent 192 p. :
Dimensions 30 cm.
650 ## - SUBJECT ADDED ENTRY--TOPICAL TERM
Topical term or geographic name as entry element Atlas.
942 ## - ADDED ENTRY ELEMENTS (KOHA)
Koha item type Books
Source of classification or shelving scheme Library of Congress Classification
Holdings
Withdrawn status Lost status Source of classification or shelving scheme Damaged status Home library Current library Shelving location Date acquired Source of acquisition Total Checkouts Full call number Barcode Date last seen Copy number Price effective from Koha item type
    Library of Congress Classification   College Library College Library Reference Section 08/15/2006     G 1021 .P564 [ca.2000] C7434 05/15/2018 1 10/10/2013 Books

Longman student atlas /

APA

Phillipson O., . (2000). Longman student atlas. U.S.A: Dorling Kindersly.

Chicago

Phillipson Olly, . 2000. Longman student atlas. U.S.A: Dorling Kindersly.

Harvard

Phillipson O., . (2000). Longman student atlas. U.S.A: Dorling Kindersly.

MLA

Phillipson Olly, . Longman student atlas. U.S.A: Dorling Kindersly. 2000.

  • Place hold
  • Print
  • Cite
  • Add to your cart (remove)
  • Save record
    BIBTEX Dublin Core MARCXML MARC (non-Unicode/MARC-8) MARC (Unicode/UTF-8) MARC (Unicode/UTF-8, Standard) MODS (XML) RIS
  • More searches
    Search for this title in:
    Other Libraries (WorldCat) Other Databases (Google Scholar) Online Stores (Bookfinder.com) Open Library (openlibrary.org)

Exporting to Dublin Core...

SOUTHVILLE LIBRARY

Southville International School and Colleges Library

1281 Tropical Ave. Cor. Luxembourg St., BF Homes International, Las Pinas City

Tel. No. 8256374 / 252358 Loc. 117/146

Powered by Koha